000 00621nam a22002417a 4500
003 UA-OsUOA
001 106848
007 ta
008 20140620b un ||||| |||| 00| 0 ukr d
100 _aПетлюра Л.
090 _a82-94:929
_bП29
942 _cBK
040 _aUA-OsUOA
_bukr
_cUA-OsUOA
_dUA-OsUOA
245 _aНароде мій, улюблений
300 _a668 с.
955 _a2
041 _aukr
080 _a82-94:929
020 _a978-966-02-5223-3
260 _aК.
_bНБУВ
_c2009
650 7 _a82 Література. Літературознавство
_2UDC
999 _c393205
_d393205